Dane podnikateľských subjektov
Salvato in:
| Autore principale: | |
|---|---|
| Ente Autore: | |
| Altri autori: | , , , |
| Natura: | Libro |
| Lingua: | slovacco |
| Pubblicazione: |
Bratislava
Vydavateľstvo EKONÓM
2012
|
| Edizione: | 1. vyd. |
| Soggetti: | |
| Tags: |
Nessun Tag, puoi essere il primo ad aggiungerne!!
|
MARC
| LEADER | 00000nam a2200000 4500 | ||
|---|---|---|---|
| 001 | 0147262 | ||
| 005 | 20240502072648.0 | ||
| 020 | |a 978-80-225-3292-1 | ||
| 041 | 0 | |a slo | |
| 044 | |a SK | ||
| 245 | 1 | 0 | |a Dane podnikateľských subjektov |c Gizela Lénártová, Ivona Ďurinová, Katarína Vavrová |
| 250 | |a 1. vyd. | ||
| 264 | 1 | |a Bratislava |b Vydavateľstvo EKONÓM |c 2012 | |
| 300 | |a 231 s. [14,023 AH] | ||
| 610 | 2 | 0 | |a podnikanie |
| 610 | 2 | 0 | |a subjekt |
| 610 | 2 | 0 | |a dane |
| 610 | 2 | 0 | |a systémy daňové |
| 610 | 2 | 0 | |a sústava daňová |
| 610 | 2 | 0 | |a dane z príjmov |
| 610 | 2 | 0 | |a dane z hodnoty pridanej |
| 610 | 2 | 0 | |a dane z nehnuteľností |
| 610 | 2 | 0 | |a dane spotrebné |
| 610 | 2 | 0 | |a dane z vozidiel motorových |
| 610 | 2 | 0 | |a dane ekologické |
| 610 | 2 | 0 | |a Slovensko |
| 100 | 1 | |a Lénártová, Gizela | |
| 700 | 1 | |a Ďurinová, Ivona, 1964- | |
| 700 | 1 | |a Vavrová, Katarína, 1960- | |
| 700 | 1 | |a Fetisovová, Elena | |
| 700 | 1 | |a Kvasničková, Zuzana | |
| 710 | 2 | |a Ekonomická univerzita v Bratislave. Fakulta podnikového manažmentu | |